| 000 | 02347cam a22004574i 4500 | ||
|---|---|---|---|
| 003 | PE-LiUPU | ||
| 005 | 20250731173415.0 | ||
| 008 | 150706s r 000 0 d | ||
| 020 | _a9780570049470 | ||
| 035 | _a(Sirsi) i9780570049470 | ||
| 040 |
_aPE-LiUPU _bspa _cPE-LiUPU _erda |
||
| 049 | _aPRUA | ||
| 082 | 0 | 4 |
_a230.41322 _bW22 _221 |
| 100 | 1 |
_aWalther, C. F. W., _d1811-1887 _qCarl Ferdinand Wilhelm, _eautor. |
|
| 245 | 1 | 0 |
_aLey y evangelio / _cC. F. W. Walther. |
| 264 | 1 |
_a[Missouri], USA : _bConcordia, _c2007. |
|
| 300 |
_a343 páginas ; _c23 cm. |
||
| 336 |
_atext _2rdacontent |
||
| 337 |
_aunmediated _2rdamedia |
||
| 338 |
_avolume _2rdacarrier |
||
| 505 | 0 | _aLa presente obra es uno de los documentos claves de la teología confesional. Es la práctica de la iglesia Luterana enseñar la adecuada distinción que existe en la ley de dios y el evangelio, y usar dicha diferenciación como principio hermenéutico para la lectura, interpretación, enseñanza, y predicación de la palabra de Dios. Los fundamentos para esta doctrina fueron establecidos primeramente por el Dr. Martín Lutero, y reafirmados luego en el libro de Concordia, específicamente en el artículo IV de la Apología de la Confesión de Augsburgo, y en el artículo V de la fórmula de Concordia. Martín Lutero tenía en tan alta estima esta doctrina que dijo: "A quienquiera que conozca bien este arte de distinguir entre la ley y el evangelio, polo a la cabeza de todo y llámalo Doctor en las sagradas Escrituras". | |
| 526 | _aSEG42 | ||
| 526 | _aSEG41 | ||
| 526 | _aSEG40 | ||
| 526 | _aSEG39 | ||
| 526 | _aP94 | ||
| 526 | _aP87 | ||
| 526 | _aP86 | ||
| 526 | _aP85 | ||
| 526 | _aP77 | ||
| 526 | _aP76 | ||
| 526 | _aP35 | ||
| 541 | _g001-0000566; | ||
| 650 | 0 | 4 |
_aLey (Teología) _xEvangelio. |
| 910 |
_agl _bjv _clch _d20120523 |
||
| 942 |
_2ddc _cBOOK |
||
| 949 |
_a230.41322 W22 _wDEWEY _c1 _i64679 _lCCODEBUL1 _mBUL _p18.00 _r0 _sY _tBOOK _u2015-7-6 _xTEOLOGIA _PP35 _o.STAFF. Colección General |
||
| 994 |
_aC0 _bPEPRU |
||
| 596 | _a1 | ||
| 999 |
_a230.41322 W22 _wDEWEY _c53385 _i64679 _d53385 _f2021-11-9 _g5 _lCCODEBUL1 _mBUL _p18.00 _q1 _r0 _sY _tBOOK _u2015-7-6 _xTEOLOGIA _PP35 _0COMPRA _o.STAFF. Colección General |
||
| 980 |
_81 _gALBERTO SANCHEZ Responsable de Automatización |
||